Picture You - Chappell Roan (All Lyrics) - Statistics

General Stats
  • This quiz has been taken 147 times
  • The average score is 182 of 211
Answer Stats
Lyrics % Correct
I
99%
I?)
99%
picture
99%
the
99%
you
99%
you?
99%
a
97%
me
97%
of
97%
Do
96%
do
96%
when
94%
When
94%
in
93%
like
91%
your
91%
I'm
90%
Am
89%
(Am
89%
frame
89%
point
89%
view?
89%
to
87%
now
86%
now)
86%
think
86%
feel
84%
Oh,
84%
(Oh)
84%
(Oh,
84%
oh)
84%
same?
84%
things
84%
every
83%
Every
83%
from
83%
my
83%
on
83%
say
81%
light
80%
scared
80%
too
80%
close
79%
need
79%
candle
77%
getting
77%
night,
77%
Half
76%
off
76%
Draw
73%
mini
73%
lips
71%
skirt
71%
down
70%
mirror
70%
all
69%
be
69%
blinds,
69%
both
69%
hometown?
69%
So,
69%
chest
67%
library
67%
dress
66%
It's
66%
pretty
66%
research
66%
tell
66%
(Tell
66%
where
66%
around
64%
lipstick
64%
Ah,
61%
ah
61%
Ah
61%
at
61%
should
61%
doing
60%
Slip
57%
stains
54%
counting
53%
ritualistic,
51%
perversions
50%
No matching quizzes found
Score Distribution
Percent of People with Each Score
Percentile by Number Answered
Your Score History
You have not taken this quiz